[Event "Chojnice op-B"]
[Site "Chojnice"]
[Date "2009.07.12"]
[Round "2"]
[White "Belka, Marta"]
[Black "Sciwiarski, Mariusz"]
[Result "0-1"]
[WhiteElo "1672"]
[BlackElo "1877"]
[PlyCount "84"]
[EventDate "2009.07.11"]
[EventType "swiss"]
[EventRounds "9"]
[EventCountry "POL"]
[SourceTitle "EXT 2011"]
[Source "ChessBase"]
[SourceDate "2010.11.26"]
[SourceVersion "1"]
[SourceVersionDate "2010.11.26"]
[SourceQuality "1"]

1. c4 e6 2. Nc3 Nf6 3. Nf3 d5 4. cxd5 exd5 5. d4 Be7 6. g3 c6 7. Bg2 Bf5 8. 0-0 Ne4 9. Nd2 Nxd2 10. Qxd2 0-0 11. f3 Bf6 12. b3 Re8 13. Bb2 Bg5 14. Qd1 Be3+ 15. Kh1 Qe7 16. Bc1 Na6 17. a3 Nc7 18. Ra2 a6 19. Bxe3 Qxe3 20. Qd2 Nb5 21. Nxb5 Qxd2 22. Rxd2 axb5 23. Ra2 Re3 24. b4 Rexa3 25. Rxa3 Rxa3 26. e4 Be6 27. Kg1 dxe4 28. fxe4 Rd3 29. Ra1 g6 30. Ra8+ Kg7 31. Rd8 Kf6 32. Kf2 Ke7 33. Rb8 Rxd4 34. Rxb7+ Kd8 35. e5 Rc4 36. Rb6 Kc7 37. Ra6 Kb7 38. Ra1 Rxb4 39. Ke3 Kb6 40. Rc1 c5 41. Kd3 Rb2 42. Bf3 Rxh2 0-1

[Event "Chojnice op-B 4th"]
[Site "Chojnice"]
[Date "2008.07.18"]
[Round "9"]
[White "Cyra, Dariusz"]
[Black "Sciwiarski, Mariusz"]
[Result "1/2-1/2"]
[WhiteElo "1886"]
[BlackElo "1898"]
[PlyCount "24"]
[EventDate "2008.07.12"]
[EventType "swiss"]
[EventRounds "9"]
[EventCountry "POL"]
[SourceTitle "EXT 2018"]
[Source "ChessBase"]
[SourceDate "2017.10.13"]
[SourceVersion "1"]
[SourceVersionDate "2017.10.13"]
[SourceQuality "1"]

1. d4 Nf6 2. Nf3 d5 3. Bf4 e6 4. e3 Nbd7 5. Bd3 b6 6. Nbd2 Bb7 7. Ne5 a6 8. Qe2 c5 9. c3 Be7 10. a4 0-0 11. g4 Nxe5 12. Bxe5 Nd7 1/2-1/2

[Event "Chojnice op"]
[Site "Chojnice"]
[Date "2005.??.??"]
[Round "1"]
[White "Kotlowski, Tomasz"]
[Black "Sciwiarski, Mariusz"]
[Result "0-1"]
[WhiteElo "1800"]
[BlackElo "1980"]
[PlyCount "103"]
[EventDate "2005.05.27"]
[EventType "swiss"]
[EventRounds "9"]
[EventCountry "POL"]
[SourceTitle "EXT 2007"]
[Source "ChessBase"]
[SourceDate "2006.11.23"]
[SourceVersion "1"]
[SourceVersionDate "2006.11.23"]
[SourceQuality "1"]

1. b4 c6 2. Bb2 Qb6 3. c3 a5 4. a3 Nf6 5. e3 g6 6. d4 d5 7. Bd3 Bg7 8. Nd2 0-0 9. h4 Re8 10. Ngf3 Bg4 11. Qc2 axb4 12. cxb4 Nbd7 13. Nh2 e5 14. f3 Be6 15. dxe5 Qxe3+ 16. Kd1 Nxe5 17. Re1 Qxd3 18. Bxe5 Qxc2+ 19. Kxc2 Bf5+ 20. Kb3 Rxe5 21. Rxe5 Nd7 22. Ree1 Bxa1 23. Rxa1 Re8 24. Nhf1 h5 25. Ng3 Bd3 26. Kc3 Ba6 27. Kd4 g5 28. hxg5 h4 29. Nf5 Re2 30. Kc3 Rxg2 31. f4 h3 32. Rh1 h2 33. Nf3 Ra2 34. N5d4 Rxa3+ 35. Kb2 Re3 36. Rxh2 Bd3 37. Rh6 Nb6 38. Ne5 Nc4+ 39. Nxc4 dxc4 40. Rd6 Be4 41. Rd8+ Kg7 42. Rd7 c3+ 43. Kb3 Bd5+ 44. Kc2 Be4+ 45. Kb3 c2+ 46. Kb2 Re1 47. Nxc2 Re2 48. Rxb7 Rxc2+ 49. Kb3 Rf2 50. b5 cxb5 51. Rxb5 Rxf4 52. Re5 0-1

[Event "Chojnice op"]
[Site "Chojnice"]
[Date "2005.??.??"]
[Round "3"]
[White "Rudzinski, Wladyslaw"]
[Black "Sciwiarski, Mariusz"]
[Result "1/2-1/2"]
[WhiteElo "1800"]
[BlackElo "1980"]
[PlyCount "67"]
[EventDate "2005.05.27"]
[EventType "swiss"]
[EventRounds "9"]
[EventCountry "POL"]
[SourceTitle "EXT 2007"]
[Source "ChessBase"]
[SourceDate "2006.11.23"]
[SourceVersion "1"]
[SourceVersionDate "2006.11.23"]
[SourceQuality "1"]

1. d4 Nf6 2. c4 e6 3. Nc3 d5 4. cxd5 exd5 5. e3 a6 6. Bd3 Nbd7 7. Nge2 Bd6 8. a3 c5 9. dxc5 Nxc5 10. Bc2 Be5 11. b4 Nce4 12. Bb2 0-0 13. f3 Nxc3 14. Bxc3 Bxc3+ 15. Nxc3 Re8 16. Qd4 b5 17. 0-0 Bb7 18. Bb3 Qe7 19. Rfe1 Qe5 20. Rad1 Rac8 21. Nxd5 Qxd4 22. Rxd4 Bxd5 23. Bxd5 Rc3 24. Bb7 Rxa3 25. Rd6 Re6 26. Rxe6 fxe6 27. e4 Kf7 28. Rc1 a5 29. bxa5 Rxa5 30. Rb1 Ne8 31. Rb2 Ke7 32. Kf2 Nd6 33. Bc6 Ra6 34. e5 1/2-1/2

[Event "Chojnice op"]
[Site "Chojnice"]
[Date "2005.??.??"]
[Round "7"]
[White "Sciwiarski, Mariusz"]
[Black "Zuba, Maciej"]
[Result "1/2-1/2"]
[WhiteElo "1980"]
[BlackElo "1800"]
[PlyCount "40"]
[EventDate "2005.05.27"]
[EventType "swiss"]
[EventRounds "9"]
[EventCountry "POL"]
[SourceTitle "EXT 2007"]
[Source "ChessBase"]
[SourceDate "2006.11.23"]
[SourceVersion "1"]
[SourceVersionDate "2006.11.23"]
[SourceQuality "1"]

1. d4 d5 2. Nf3 Nf6 3. c4 e6 4. Qc2 Nbd7 5. b3 Bd6 6. Bb2 Ne4 7. g3 c6 8. a3 Qe7 9. Bg2 a6 10. Nbd2 f5 11. 0-0 0-0 12. Ne5 Nxe5 13. dxe5 Bc5 14. b4 Bb6 15. Nb3 Bd7 16. c5 Bc7 17. h4 g5 18. hxg5 Qxg5 19. Bc1 Qg6 20. Bf4 Kh8 1/2-1/2